Statistics for Santana Studio Albums

Click here to take the quiz!

General Stats

  • This quiz has been taken 36 times
    (16 since last reset)
  • The average score is 11 of 26

Answer Stats

#YearAlbum% Correct
21970Abraxas
89%
11969Santana
89%
181999Supernatural
89%
31971Santana III
78%
192002Shaman
78%
71976Amigos
67%
41972Caravanserai
67%
91977Moonflower
67%
61974Borboletta
44%
232014Corazón
44%
51973Welcome
44%
121981Zebop!
44%
81977Festival
33%
111979Marathon
33%
252019Africa Speaks
22%
202005All That I Am
22%
212010Guitar Heaven
22%
101978Inner Secrets
22%
171992Milagro
22%
242016Santana IV
22%
131982Shangó
22%
141985Beyond Appearances
11%
262021Blessings and Miracles
11%
151987Freedom
11%
222012Shape Shifter
11%
161990Spirits Dancing in the Flesh
11%

Score Distribution

Percentile by Number Answered

Percent of People with Each Score

Your Score History

You have not taken this quiz since the last reset